书目信息 |
| 题名: |
柴油拖拉机驾驶员手册
|
|
| 作者: | 索诺金 著 ;史庭芳 译 | |
| 分册: | ||
| 出版信息: | 北京 农业出版社 1959.10 |
|
| 页数: | 328页 | |
| 开本: | 20cm | |
| 丛书名: | ||
| 单 册: | ||
| 中图分类: | S219-62 | |
| 科图分类: | ||
| 主题词: | 农业--动能 , 农业--能源 | |
| 电子资源: | ||
| ISBN: | ||
| 000 | 00659nam0 2200217 450 | |
| 001 | 0657761187 | |
| 005 | 20061122160528.06 | |
| 010 | @dCNY0.80 | |
| 100 | @a20061122d1959 km y0chiy0120 ea | |
| 101 | 0 | @achi@crus |
| 102 | @aCN@b110000 | |
| 200 | 1 | @a柴油拖拉机驾驶员手册@Achai you tuo la ji jia shi yuan shou ce@f(苏)索诺金著@F(su)suo nuo jin zhu@g史庭芳译@Gshi ting fang yi |
| 210 | @a北京@c农业出版社@d1959.10@h1960.03 | |
| 215 | @a328页@d20cm | |
| 606 | 0 | @a农业@x动能 |
| 606 | 0 | @a农业@x能源 |
| 690 | @aS219-62@v3 | |
| 701 | 0 | @a索诺金@Asuo nuo jin@4著 |
| 702 | 0 | @a史庭芳@Ashi ting fang@4译 |
| 801 | 0 | @aCN@bPFT@c20061122 |
| 905 | @a10447@dS219-62@e9 | |
| 柴油拖拉机驾驶员手册/(苏)索诺金著/史庭芳译.-北京:农业出版社,1959.10(1960.03) |
| 328页;20cm |
| ISBN :CNY0.80 |
| ● |
| 相关链接 |
|
|
|
|
正题名:柴油拖拉机驾驶员手册
索取号:S219-62/9
 
预约/预借
| 序号 | 登录号 | 条形码 | 馆藏地/架位号 | 状态 | 备注 |
| 1 | 0018013 | 000717139 | 第二样本阅览室/ [索取号:S219-62/9] | 在馆 |